Wolverhampton Wanderers 2020's Starting XI - Statistics

General Stats
  • This quiz has been taken 1,998 times
    625 since last reset
  • The average score is 22 of 33
Answer Stats
Player % Correct
José Sá
93%
Raúl Jiménez
91%
Rui Patrício
89%
Hwang Hee-chan
87%
Rúben Neves
86%
Mario Lemina
85%
Rayan Aït-Nouri
81%
Rayan Aït Nouri
81%
Diogo Jota
79%
Jørgen Strand Larsen
79%
Matheus Cunha
77%
Matt Doherty
77%
João Moutinho
75%
Nélson Semedo
71%
Adama Traoré
68%
Conor Coady
67%
João Gomes
67%
Toti Gomes
67%
Leander Dendoncker
66%
Pedro Neto
62%
Romain Saïss
62%
Max Kilman
59%
Pablo Sarabia
56%
Hugo Bueno
54%
Santiago Bueno
54%
Diego Costa
50%
Jonny
47%
André
45%
Daniel Podence
44%
Nathan Collins
42%
Jean-Ricner Bellegarde
41%
Craig Dawson
39%
Matheus Nunes
29%
No matching quizzes found
Score Distribution
Percent of People with Each Score
Percentile by Number Answered
Your Score History
You have not taken this quiz since the last reset